| 000 | 02139nam a22004457a 4500 | ||
|---|---|---|---|
| 001 | 000425 | ||
| 003 | DO-SdBNP | ||
| 005 | 20240813094400.0 | ||
| 007 | 000425 | ||
| 008 | 160727b2002 sp || 00| 0 spa d | ||
| 020 | _a8420449342 | ||
| 040 |
_aBPMSU _bspa _cBPMSU |
||
| 082 | 4 |
_a808.83 _bA634m 2002 _222 |
|
| 245 | 1 | 0 |
_aAntología : _blos mejores relatos fantásticos de habla hispana / _cJuan Benet ... [y otros] ; selección y prólogo de Joan Estruch i Tobella. |
| 250 | _a6ª ed. | ||
| 260 |
_aMadrid : _bAlfaguara, _c2002. |
||
| 300 |
_a129 p. ; _c21 cm. |
||
| 490 | 1 | _aRoja | |
| 490 | 1 | _aAntologías | |
| 505 | 0 | _aCatálisis / Juan Benet ; El brujo postergado / Jorge Luis Borges ; Continuidad de los parques / Julio Cortázar ; El ángulo del horror / Cristina Fernández Cubas ; Chac Mool / Carlos Fuentes ; La luz es como el agua / Gabriel García Márquez ; No más amores / Javier Marías ; El árbol de oro / Ana María Matute ; La primera Rosa / José María Merino ; Ella acaba con ella / Juan José Millás ; Luvina / Juan Rulfo. | |
| 650 | 4 |
_aCuentos juveniles españoles _vColecciones |
|
| 650 | 4 |
_aCuentos juveniles latinoamericanos _v Colecciones |
|
| 650 | 4 |
_aFantasía _vCuentos juveniles |
|
| 650 | 4 |
_aHorror _v Cuentos juveniles |
|
| 700 | 1 |
_aEstruch Tobella, Joan, _d1953- _eprólogo |
|
| 700 | 1 |
_aBenet, Juan, _e1927-1993. |
|
| 700 | 1 |
_aBenet, Juan, _d1927-1993. _tCatálisis. |
|
| 700 | 1 |
_aBorges, Jorge Luis, _d1899-1986. _tBrujo postergado. |
|
| 700 | 1 |
_aCortázar, Julio, _d1914-1984. _tContinuidad de los parques. |
|
| 700 | 1 |
_aFernández Cubas, Cristina, _d1945- _tÁngulo del horror |
|
| 700 | 1 |
_aFuentes, Carlos, _d1928-2012 _tChac Mool. |
|
| 700 | 1 |
_aGarcía Márquez, Gabriel, _d1927-2014 _tLuz es como el agua. |
|
| 700 | 1 |
_aMarías, Javier, _d1951- _tNo más amores. |
|
| 700 | 1 |
_aMatute, Ana María, _d1926-2014 _tArbol de oro. |
|
| 700 | 1 |
_aMerino, José María, _d1941- _tPrimera Rosa. |
|
| 700 | 1 |
_aMillás, Juan José, _d1946- _tElla acaba con ella. |
|
| 700 | 1 |
_aRulfo, Juan, _d1918-1986. _tLuvina. |
|
| 910 | _aVMateo V. Control de calidad. BPMSU | ||
| 942 |
_2ddc _cBK |
||
| 999 |
_c11043 _d11043 |
||